000 00658nam a2200205Ii 4500
001 15712
003 CO-ViMGA
008 241108s9999||||xx |||||||||||||| ||und||
040 _aCO-ViMGA
_bspa
_erda
_cCO-ViMGA
041 0 _aspa
082 0 4 _a069.0986 U54m
110 1 _aUniversidad de Antioquia
_952865
245 1 0 _aEl marron-inciso de Antioquia:
_bUna población prehispánica representada por el estilo cerámico
264 1 _aBogotá, Colombia : Escala, 1993
300 _avolumen
336 _atext
_btxt
_2rdacontent
337 _aunmediated
_bn
_2rdamedia
338 _avolume
_bnc
_2rdacarrier
940 _aidficha_siabuc: 15396. -- ficha_no_siabuc:15712
999 _c48083
_d48083